| 000 | 01084 a2200241 4500 | ||
|---|---|---|---|
| 003 | Nust | ||
| 005 | 20230119141324.0 | ||
| 010 | _a 2005040270 | ||
| 020 | _a1852339543 (alk. paper) | ||
| 040 | _cNust | ||
| 082 | 0 | 0 | _a670.4275,BEN |
| 100 | 1 |
_aGarcia Nocetti, D. Fabian, _9107127 |
|
| 245 | 1 | 0 |
_aReconfigurable distributed Control / _cGarcia Nocetti, D. Fabian. |
| 260 |
_aLondon : _bSpringer, _c2005. |
||
| 300 |
_ax, 138 p. : _bill. ; _c24 cm. |
||
| 505 | _aIntroduction to Network Communication (Page-1), Real-Time Systems (Page-15), Smart Peripheral Elements (Page-39), Reconfigurable Control (Page-65), Case Study (Page-95). | ||
| 650 | 0 |
_aProcess control _xData processing. _999401 |
|
| 700 | 1 |
_aBen⩴ez-P⥲ez, H⥣tor. _9107128 |
|
| 856 | 4 | 2 |
_3Contributor biographical information _uhttp://www.loc.gov/catdir/enhancements/fy0823/2005040270-b.html |
| 856 | 4 | 2 |
_3Publisher description _uhttp://www.loc.gov/catdir/enhancements/fy0663/2005040270-d.html |
| 856 | 4 | 2 |
_3Table of contents only _uhttp://www.loc.gov/catdir/enhancements/fy0823/2005040270-t.html |
| 942 |
_2ddc _cBK |
||
| 999 |
_c178775 _d178775 |
||